书目信息 |
| 题名: |
涉外保险理论与实务
|
|
| 作者: | 顾寒梅 主编 | |
| 分册: | ||
| 出版信息: | 上海 复旦大学出版社 2005.09 |
|
| 页数: | 368页 | |
| 开本: | 23cm | |
| 丛书名: | 复旦卓越 | |
| 单 册: | ||
| 中图分类: | F840.685 | |
| 科图分类: | ||
| 主题词: | 国际保险--guo ji bao xian | |
| 电子资源: | ||
| ISBN: | 7-309-04691-9 | |
| 000 | 00867nam 2200253 450 | |
| 001 | 012007737312 | |
| 005 | 20071011093545.64 | |
| 010 | @a7-309-04691-9@dCNY33.00 | |
| 100 | @a20070813d2005 km y0chiy0120 ea | |
| 101 | 0 | @achi |
| 102 | @aCN@b310000 | |
| 105 | @ay a 000yy | |
| 200 | 1 | @a涉外保险理论与实务@Ashe wai bao xian li lun yu shi wu@f顾寒梅主编@Fgu han mei zhu bian |
| 210 | @a上海@c复旦大学出版社@d2005.09 | |
| 215 | @a368页@d23cm | |
| 225 | 2 | @a复旦卓越@Afu dan zhuo yue@i保险学系列 |
| 320 | @a有书目。 | |
| 330 | @a本书选用了大量的具体案例来阐释涉外保险基本理论、涉外水险实务、涉外非水险实务的内容,以帮助读者更好地融通保险基本理论和实务技能。 | |
| 410 | 0 | @12001 @a复旦卓越@i保险学系列 |
| 606 | 0 | @a国际保险@Aguo ji bao xian |
| 690 | @aF840.685@v4 | |
| 701 | 0 | @a顾寒梅@Agu han mei@4主编 |
| 801 | 0 | @aCN@c20071011 |
| 905 | @dF840.685@eG494 | |
| 涉外保险理论与实务/顾寒梅主编.-上海:复旦大学出版社,2005.09 |
| 368页;23cm.-(复旦卓越.保险学系列) |
| ISBN 7-309-04691-9:CNY33.00 |
| 本书选用了大量的具体案例来阐释涉外保险基本理论、涉外水险实务、涉外非水险实务的内容,以帮助读者更好地融通保险基本理论和实务技能。 |
| ● |
| 相关链接 |
|
|
|
正题名:涉外保险理论与实务
索取号:F840.685/G494
 
预约/预借
| 序号 | 登录号 | 条形码 | 馆藏地/架位号 | 状态 | 备注 |
| 1 | 252107 | 202521075 | 社科库409/422社科库 33排4列4层/ [索取号:F840.685/G494] | 在馆 |